000 00282nam a22001217a 4500
008 180803b xxu||||| |||| 00| 0 eng d
082 _a813.52
245 _aThe new American Workplace
_cO'Toole,J
260 _c2006
300 _a8
_fCD
440 _x9780786171316
942 _2ddc
_cMX
999 _c46784
_d46784